LEADER 02462nam a2200493 a 4500 001 000000160684 003 CaOOAMICUS 005 20180521110605.0 008 170515m20159999it u001 u ita r 020 $a978-88-311-1219-2 (v. 10)* 020 $z978-88-311-1221-5 (v. 10b)* 032 $aLibriCat 040 $aPUL$bita 082 04$a248 100 0 $aFranciscus Salesius,$cs.,$d1567-1622.$0(OLS)http://pul/name/21121 245 10$aOpuscoli /$cFrancesco di Sales ; traduzione, cura e revisione di Antonino Raspanti e Mariarosa Mancuso. 260 $aRoma :$bCittà Nuova,$c©2015- 300 $av. ;$c24 cm. 490 1 $aOpere complete di Francesco di Sales ;$v10-10b 500 $aInclude indici. 504 $aRiferimenti bibliografici in nota. 505 1 $aV. 1. La Visitazione / prefazione di Giuseppe Gioia ; introduzione di Luigi Mezzadri. -- v. 2. Ascetismo e mistica / introduzione di Antonino Raspanti. 700 1 $aGioia, Giuseppe.$0(OLS)http://pul/name/59086 700 1 $aMancuso, Mariarosa.$0(OLS)http://pul/name/102828 700 1 $aMezzadri, Luigi,$cC.M.$0(OLS)http://pul/name/3559 700 1 $aRaspanti, Antonino.$0(OLS)http://pul/name/74695 740 02$aAscetismo e mistica. 740 32$aLa Visitazione. 800 0 $aFranciscus Salesius,$cs.,$d1567-1622.$tOpere ;$v10-10b.$0(OLS)http://pul/nameTitle/909$0(OLS)http://pul/name/21121$0(OLS)http://pul/title/5258 830 0$aOpere complete di Francesco di Sales ;$v10-10b.$0(OLS)http://pul/title/207865 850 $aPUL 852 $aPUL$W1$xSL Religione 3$y85$m248 FRASA 1.10$j184442$qDDC 21$B187646$CPULBib$Z2$F187646 $H129564 $81 852 $aPUL$W1$xSL Religione 3$y85$m248 FRASA 1.10b$j191519$qDDC 21$B195398$CPULBib$Z2$F195398 $H130793 $81 900 $aFrancesco di Sales,$cs.$d1567-1622$921121 900 $aFrancesco di Sales,$cs.$d1567-1622$921121 941 1 $a9 996 $6020$z978-88-311-1221-5 (v. 10b)*$9(OLS)http://pul/number/164044 996 $6020$a978-88-311-1219-2 (v. 10)*$9(OLS)http://pul/number/162696 996 $6082$a248$9(OLS)http://pul/classification/457 996 $6245$aOpuscoli$9(OLS)http://pul/title/12661 996 $6740$aAscetismo e mistica$9(OLS)http://pul/title/207864 996 $6740$aLa Visitazione$9(OLS)http://pul/title/207863 996 $6260$aRoma :$bCittà Nuova$9(OLS)http://pul/publisher/47927 LEADER 02530nam a2200433 u 4500 001 000000025679 003 CaOOAMICUS 005 20250109164817.0 008 951017m19371980vc af u000 u ita u 035 $a10659291 040 $aAAR$bita$dEFR 041 1 $aita$heng 100 1 $aKrautheimer, Richard,$d1897-1994.$0(OLS)http://pul/name/13315 245 10$aCorpus basilicarum christianarum Romae :$bLe basiliche cristiane antiche di Roma (Sec. IV-IX) /$cRichard Krautheimer. 246 30$aBasiliche cristiane antiche di Roma 246 3 $aBasiliche paleocristiane di Roma 260 $aCittà del Vaticano :$bIstituto di archeologia cristiana,$c1937-1980. 300 $a5 v. :$bill., pls. ;$c38 cm 490 1 $aMonumenti di antichità cristiana.$a2. serie ;$v2 500 $aTitolo del v. 1. 500 $aI voll. 2 e 4 sono stati curati inoltre da Spencer Corbett e Wolfgang Frankl, il v. 5 da Spencer Corbett e Alfred K. Frazer (traduzione di Enzo Bilardello). 650 0$aBasilicas$zItaly$zRome.$2//eng$0(OLS)http://pul/subject/9206 650 4$aChiesa$zItalia$zRoma.$0(OLS)http://pul/subject/246 650 0$aArchitecture, Early Christian$zItaly$zRome.$2//eng$0(OLS)http://pul/subject/10607 651 0$aRome (Italy)$xBuildings, structures, etc.$2//eng$0(OLS)http://pul/subject/247 700 1 $aFrazer, Alfred Knox,$d1928-1994.$0(OLS)http://pul/name/21272 700 1 $aCorbett, Spencer.$0(OLS)http://pul/name/21271 700 1 $aFrankl, Volfango.$0(OLS)http://pul/name/21270 830 0$aMonumenti di antichità cristiana.$n2. serie ;$v2.$0(OLS)http://pul/title/6853 850 $aPUL 852 $aPUL$W1$xDP1 Cons. Gen., Altre Classi 1$y22$m140 A 68$j35876$nBK-PRI$aV.3$qStampati$B35876$CPULBib$Z2$F35876 $HPUL74546 $82 852 $aPUL$W1$xDP1 Cons. Gen., Altre Classi 1$y22$m141 G 24$j35877$nBK-PRI$aV.1$qStampati$B35877$CPULBib$Z2$F35877 $82 852 $aPUL$W1$xDP1 Cons. Gen., Altre Classi 1$y22$m140 A 69$j201438$nBK-PRI$aV.4$qStampati$B206458$CPULBib$Z2$F206458 $82 941 1 $a8 996 $6245$aCorpus basilicarum christianarum Romae :$bLe basiliche cristiane antiche di Roma (Sec. IV-IX)$9(OLS)http://pul/title/35363 996 $6246$aBasiliche cristiane antiche di Roma$9(OLS)http://pul/title/35364 996 $6246$aBasiliche paleocristiane di Roma$9(OLS)http://pul/title/35365 996 $6260$aCittà del Vaticano :$bIstituto di archeologia cristiana$9(OLS)http://pul/publisher/58973